000 00414nam a2200157Ia 4500
005 20250401143854.0
008 231217s9999 xx 000 0 und d
020 _a9788131406885
082 _a658.3 SAN;1 R
100 _aSangeetha, K ed.
245 0 _aHuman capital measurement : an introduction
260 _c2007
_bIcfai
_aHyderabad
300 _aviii, 269
650 _acapital,measurement
942 _cAA
999 _c189770
_d189770